000 00328nam a22001337a 4500
008 170807b xxu||||| |||| 00| 0 eng d
020 _a9780735608337
041 _aeng
080 _a004
100 _a34
101 _aSHKI
245 _aDI8STRIBUTED APPLICATIONS MICROSOFT VISUAL BASIC BASIC 6.0
_cMICROSOFT
942 _2udc
_cBK
999 _c22834
_d22834